000 00437cam a2200157ua 4500
041 _aeng
_h
082 _a633.08
_bYEG/PR
100 _aYegna Narayan Aiyer, A K .
245 _aPrinciples of crop husbandry in India /
_cA K Yegna Narayan aiyer.
_hTextual Documents
250 _a4 /
_b.
260 _aBangalore :
_bBangalore printing&publishing Ltd ,
_c1963.
300 _a406 ; .
504 _a
942 _cBK
999 _c8768
_d8768